000 01205nam a2200325 a 4500
001 000111675
003 CHAP
005 20220329144224.0
008 150625s2015 mx a fsm |||||||spa d
010 _a108136
011 _a109108
040 _cCHAP
090 _aTesis
100 1 _aEspaña Solís, Rodrigo
_9129597
245 1 0 _aDiseño de la red de conducción y distribución mediante redes abiertas de tuberías de la zona de riego de los ejidos Telixtac, Cayehuacán, Tlalayo y Axochiapan, estado de Morelos
_h[En línea]
_cpor Ridrigo Esapaña Solís.
260 _aChapingo, Méx. :
_bEl autor,
_c2015.
500 _aPara ver el contenido del material haga clic en la liga
502 _aTesis (Ing. en Irrigación) -- UACH. Departamento de Irrigación
590 _aE6096MTM
_b05
_c20150625
_lUCH01
_h1414
590 _aE6096MTM
_b05
_c20150625
_lUCH01
_h1417
650 1 4 _aAgua para irrigación
_92430
650 1 4 _aAgua
_xDistribución.
_92366
650 1 4 _aDiseño.
_932727
650 1 4 _aRed de riego.
_995350
650 1 4 _aSistemas de riego.
_9106772
856 _aFinding aid
_uhttp://10.13.5.2/tesis/sist111675.pdf
_zTeclea aquí
901 _aBK
942 _cTESIS
942 _n0
999 _c108136
_d108136